UBT Library

New directions in economic justice / (Record no. 42897)

000 -LEADER
fixed length control field 00670cam a2200241 a 4500
001 - CONTROL NUMBER
control field 1405069
005 - DATE AND TIME OF LATEST TRANSACTION
control field 20180220042749.0
008 - FIXED-LENGTH DATA ELEMENTS--GENERAL INFORMATION
fixed length control field 830127s1983 inua b 000 0 eng
010 ## - LIBRARY OF CONGRESS CONTROL NUMBER
LC control number 83001254
020 ## - INTERNATIONAL STANDARD BOOK NUMBER
International Standard Book Number 0268014604 :
Terms of availability $20.95
020 ## - INTERNATIONAL STANDARD BOOK NUMBER
International Standard Book Number 0268014612 (pbk.) :
Terms of availability $10.95
040 ## - CATALOGING SOURCE
Original cataloging agency DLC
Transcribing agency DLC
Modifying agency DLC
-- OCoLC
041 ## - LANGUAGE CODE
Language code of text/sound track or separate title eng
080 ## - UNIVERSAL DECIMAL CLASSIFICATION NUMBER
Universal Decimal Classification number 330.155 SKU
082 00 - DEWEY DECIMAL CLASSIFICATION NUMBER
Classification number 330.155 SKU
Edition number 19
100 ## - Rafti
Rafti 52
101 ## - Shkurtesa
Shkurtesa EKO
245 00 - TITLE STATEMENT
Title New directions in economic justice /
Statement of responsibility, etc edited by Roger Skurski.
504 ## - BIBLIOGRAPHY, ETC. NOTE
Bibliography, etc Includes bibliographical references.
740 0# - ADDED ENTRY--UNCONTROLLED RELATED/ANALYTICAL TITLE
Uncontrolled related/analytical title Economic justice.
906 ## - LOCAL DATA ELEMENT F, LDF (RLIN)
a 7
b cbc
c orignew
d 1
e ocip
f 19
g y-gencatlg
942 ## - ADDED ENTRY ELEMENTS (KOHA)
Source of classification or shelving scheme
Item type Books
Holdings
Withdrawn status Lost status Source of classification or shelving scheme Damaged status Not for loan Collection code Permanent location Current location Shelving location Date acquired Total Checkouts Full call number Barcode Date last seen Price effective from Koha item type
          Koleksioni i përgjithshem UBT - Lipjan UBT - Lipjan Koleksioni i përgjithshem 02/20/2018   330.155 SKU 002-2998259 02/20/2018 02/20/2018 Books
UBT Library © 2015-2024. All rights reserved University Education for Business and Technology